Štúdium vlastností biodegradovateľných polymérnych materiálov po ich viacnásobnom spracovaní

Enregistré dans:
Détails bibliographiques
Auteur principal: Hrbíková, Miroslava (Auteur)
Autres auteurs: Plavec, Roderik (Directeur de thèse)
Format: Manuscrit Livre
Langue:slovaque
Publié: 2020
Sujets:
Accès en ligne:http://is.stuba.sk/zp/portal_zp.pl?podrobnosti=139839
Tags: Ajouter un tag
Pas de tags, Soyez le premier à ajouter un tag!

MARC

LEADER 00000ntm a22000003a 4500
001 stuzp78516
003 SK-STU
005 20200718210944.6
007 ta
008 150427s2015----xo-----f-mn---000-0-slo-d
040 |a STU  |b slo 
041 0 |a slo 
100 1 |a Hrbíková, Miroslava  |u 049370  |4 aut  |U FCHPT Ústav prírodných a syntetických polymérov  |T FCHPT Oddelenie plastov, kaučuku a vlákien  |X 88474  |U C9370  |Y 128  |7 88474 
242 0 1 |a The Study of Properties of Biodegradable Polymer Materials after Multiple Processing  |y eng 
245 1 0 |a Štúdium vlastností biodegradovateľných polymérnych materiálov po ich viacnásobnom spracovaní 
260 |c 2020 
650 4 |a biodegradácia  |2 slo 
650 4 |a viacnásobné spracovanie  |2 slo 
650 4 |a kyselina polymliečna  |2 slo 
650 4 |a polyhydroxybutyrát  |2 slo 
650 4 |a multiple processing  |2 eng 
650 4 |a polyhydroxybutyrate  |2 eng 
650 4 |a polylactic acid  |2 eng 
650 4 |a biodegradation  |2 eng 
700 1 |a Plavec, Roderik  |u 049370  |k Z2  |4 ths  |U FCHPT Ústav prírodných a syntetických polymérov  |T FCHPT Oddelenie plastov, kaučuku a vlákien  |X 26421  |U C9370  |Y 128  |7 A000026421 
856 4 |u http://is.stuba.sk/zp/portal_zp.pl?podrobnosti=139839